SISTEMA DE BIBLIOTECAS
Carmen Mendoza De Cornielle

Vista normal Vista MARC
  • Lebrón Saviñón, Mariano,

Entrada Nombre de persona

Número de registros utilizados en: 1

001 - NÚMERO DE CONTROL

  • campo de control: 1392

003 - IDENTIFICADOR DEL NÚMERO DE CONTROL

  • campo de control: DO-SdUEMH

005 - FECHA Y HORA DE LA ÚLTIMA TRANSACCIÓN

  • campo de control: 20251117225629.0

008 - DATOS DE LONGITUD FIJA

  • campo de control de longitud fija: 251117|| az|||aabn | a|a d

040 ## - FUENTE DE LA CATALOGACIÓN

  • Centro catalogador/agencia de origen: DO-SdUEMH
  • Lengua de catalogación: spa
  • Normas de descripción: rda

046 ## - FECHAS CON CODIFICACIÓN ESPECIAL

  • Fecha de nacimiento: 19220803
  • Fecha de la muerte: 20141018

100 1# - ENCABEZAMIENTO-NOMBRE DE PERSONA

  • Nombre de persona: Lebrón Saviñón, Mariano,
  • Fechas asociadas al nombre: 1922-2014

370 ## - LUGAR ASOCIADO

  • Lugar de nacimiento: Santo Domingo
  • Lugar de fallecimiento: Santo Domingo

373 ## - GRUPO ASOCIADO

  • Grupo asociado: Academia Norteamericana de la Lengua Española

374 ## - OCUPACIÓN

  • Ocupación: Escritor
  • Ocupación: Médico

375 ## - GÉNERO/SEXO

  • Género/Sexo: Masculino

377 ## - LENGUA/LENGUAJE ASOCIADO

  • Código del idioma: spa
  • Término de lengua/lenguaje: Español

670 ## - FUENTE DE DATOS ENCONTRADOS

  • Cita de la fuente: WWW Autoridades, ISFODOSU, 17-11-2025
  • Información encontrada: (Mariano Lebrón Saviñón)
UNIREMHOS

Av. Abraham Lincoln no. 126, casi esq. José Contreras,
Santo Domingo, República Dominicana

Correo: info@uniremhos.edu.do

Tel.: (809) 532-3739

Horario: Lunes a Viernes: 8:00 am - 6:00 pm | Sábados: 8:00 am - 12:00 m

📍 Ubicación
UNEFA

Av. 27 de Febrero no. 52, El Vergel,
Santo Domingo, República Dominicana

Tel.: (809) 530-0224

📍 Ubicación
UFHEC

Av. Máximo Gómez esq. César Nicolás Penson, La Esperilla,
Santo Domingo, República Dominicana

Tel.: (809) 537-6000

📍 Ubicación